Statistiques concernant 7 jours en 15 secondes

Cliquez ici pour prendre le quiz!

Statistiques générales

  • Ce quiz a été pris 1 419 fois
  • Le résultat moyen est 6 sur 7

Statistiques - réponses

HintRéponse% Correct
1Lundi
100%
2Mardi
96%
4Jeudi
91%
3Mercredi
90%
5Vendredi
87%
6Samedi
84%
7Dimanche
76%

Distribution des résultats

Percentile par nombre de réponses

% des personnes avec chaque résultat

Votre développement - résultats

Vous n’avez pas pris ce quiz